Statistics for Things that are Yellow by Picture

Click here to take the quiz!

General Stats

  • This quiz has been taken 10,030 times
  • The average score is 10 of 15

Answer Stats

Answer% Correct
Sunflower
99%
Golden Retriever
79%
Swiss cheese
79%
Canary
77%
China
73%
Ferrari
71%
Starfruit
71%
Daffodil
67%
Los Angeles Lakers
64%
Yellow River
64%
Sulphur
61%
Vatican City
55%
Yellow Jersey
34%
Kyoto
32%
Aspen
30%

Score Distribution

Percentile by Number Answered

Percent of People with Each Score

Your Score History

You have not taken this quiz